Countries participating in the Eurovision Song Contest 2021 - Statistics

General Stats
  • This quiz has been taken 111 times
  • The average score is 37 of 41
Answer Stats
Countries % Correct
Italy
97%
Spain
96%
Albania
95%
Germany
95%
Norway
95%
United Kingdom
95%
Austria
94%
Belgium
94%
Finland
94%
France
94%
Croatia
93%
Lithuania
93%
Poland
93%
Sweden
93%
Switzerland
93%
Ukraine
93%
Azerbaijan
92%
Estonia
92%
Greece
92%
Latvia
92%
Netherlands
92%
Portugal
92%
Slovenia
92%
Australia
90%
Denmark
89%
Russia
89%
San Marino
89%
Ireland
88%
Bulgaria
87%
Cyprus
87%
Iceland
87%
North Macedonia
87%
Serbia
87%
Georgia
85%
Israel
85%
Romania
85%
Malta
84%
Moldova
84%
Czech Republic
83%
Armenia
79%
Belarus
75%
No matching quizzes found
Score Distribution
Percent of People with Each Score
Percentile by Number Answered
Your Score History
You have not taken this quiz